Statistiques concernant Meilleurs pays en badminton par Jeux Olympiques

Cliquez ici pour prendre le quiz!

Statistiques générales

  • Ce quiz a été pris 135 fois
  • Le résultat moyen est 20 sur 26

Statistiques - réponses

JeuxPaysNombre de Médailles% Correct
Rio 2016Chine3
98%
Chine5
98%
Londres 2012Chine8
98%
Tokyo 2020Chine6
98%
Chine4
98%
Sydney 2000Chine8
98%
Athènes 2004Chine5
98%
Pékin 2008Chine8
98%
Japon2
97%
Japon1
97%
Corée du Sud3
82%
Corée du Sud2
82%
Corée du Sud4
82%
Atlanta 1996Corée du Sud4
82%
Corée du Sud
4
82%
Indonésie1
61%
Barcelone 1992Indonésie5
61%
Indonésie3
61%
Indonésie3
61%
Indonésie3
61%
Indonésie4
61%
Indonésie2
61%
Malaisie1
48%
Taipei chinois2
48%
Espagne1
46%
Danemark2
43%

Distribution des résultats

Percentile par nombre de réponses

% des personnes avec chaque résultat

Votre développement - résultats

Vous n’avez pas pris ce quiz